000 00501nam a22001817a 4500
005 20251108170832.0
008 250721s1990 xx 000 0 ara d
082 1 4 _a216
100 1 _aالزرقي، زاهد يحيى
245 1 0 _aتكفير المسلم: شروطةو موانعه /
250 _aزاه
264 1 _aبغداد :
_bمطبعة الحوادث،
_c1990.
300 _a79
650 1 7 _aالفقه الاسلامي
650 1 7 _aالبدع
942 _2ddc
_cBK
999 _c50120
_d50120